| 000 | 00985nam a2200217Ia 4500 | ||
|---|---|---|---|
| 999 |
_c39813 _d39813 |
||
| 001 | 6418 | ||
| 003 | GE_BSU | ||
| 005 | 20191114120615.0 | ||
| 008 | 181216s2009||||ge |||||||||||||| ||geo|| | ||
| 040 | _cGE_BSU | ||
| 041 | _ageo | ||
| 080 | _a347.7(100)+341.241.8(075.8) ს-15 | ||
| 245 |
_aსაერთაშორისო სავაჭრო სამართალი : _bხელშეკრულებები, კონვენციები. |
||
| 264 |
_aთბილისი : _bბონა კაუზა, _c2009. |
||
| 300 |
_a327 გვ.; _b21 სმ. |
||
| 490 | _aიურისტის ბიბ-კა | ||
| 653 | _aსაერთაშორისო სავაჭრო სამართალი | ||
| 653 | _aსაერთაშორისო სავაჭრო ხელშეკრულებები | ||
| 653 | _aსაერთაშორისო სავაჭრო კონვენციები | ||
| 942 |
_cBK _2udc |
||